| 000 | 00609nam a22001817a 4500 | ||
|---|---|---|---|
| 005 | 20251108164300.0 | ||
| 008 | 250721s1997 xx 000 0 ara d | ||
| 082 | 1 | 4 | _a330.9/أوض |
| 100 | 1 |
_aستارك، ليندا _eشارح |
|
| 245 | 1 | 0 |
_aأوضاع العالم 1996 : _bتقرير لمعهد ويرلدوتش حول التقدم نحو مجتمع قابل للبقاء / |
| 264 | 1 |
_aعمان : _bدار البشير، _c1997. |
|
| 300 | _a372ص | ||
| 650 | 1 | 7 | _aالتاريخ |
| 650 | 1 | 7 | _aالإقتصاد |
| 700 | 1 |
_aحجاج، علي حسين _eترجمة |
|
| 942 |
_2ddc _cBK |
||
| 999 |
_c8266 _d8266 |
||